Państwa według podpowiedzi #5 - Statystyki

Ogólne statystyki
  • Ten quiz został rozwiązany 7 553 razy
  • Średni wynik to 7 z 20
Statystyki odpowiedzi
Podpowiedzi: Państwo % Poprawnych
tapas, flamenco, sjesta Hiszpania
93%
Bazylika św. Piotra, Gwardia Szwajcarska, konklawe Watykan
86%
Nikola Tesla, Bałkany, Novak Đoković Serbia
60%
Al Jazeera, Mistrzostwa Świata w Piłce Nożnej 2022, 80% ludności to emigranci Katar
58%
Kaukaz, Batumi, Wino Khvantchkara Gruzja
46%
Zair, bonobo, kopalnie diamentów Demokratyczna Republika Konga
43%
pierwszy Mundial, La Plata, asado Urugwaj
41%
miejsce narodzenia ludzkości, Abisynia, Arka Przymierza Etiopia
34%
Khmer, Angkor Wat, kuprej azjatycki Kambodża
30%
Indochiny, Aung San Suu Kyi, Irawadi Mjanma
30%
Cieśnina Malakka, Jaskinie Batu, Petronas Towers Malezja
25%
Majowie, Volcán de Fuego, quetzal Gwatemala
22%
domena .dz, Berberowie, Maghreb Algieria
21%
Szardźa, narciarstwo halowe, Ferrari World Zjednoczone Emiraty Arabskie
19%
Rodezja, Wodospady Wiktorii, shona Zimbabwe
18%
rekiny słodkowodne, Daniel Ortega, Mezoameryka Nikaragua
15%
pochodzenie Cher, stolica założona w 782 p.n.e., nazwiska kończą się na "ian" Armenia
14%
Kofi Annan, Złote Wybrzeże, fufu Ghana
13%
Dżucze, masowe gry, królestwo pustelników Korea Północna
13%
malutka wyspa, wydobycie fosforanu, najbogatsze państwo świata w późnych latach 60. Nauru
12%
Nie znaleziono quizów pasujących do podanych kryteriów
Rozkład punktacji
Procent ludzi z każdym wynikiem
Percentyl według liczby udzielonych odpowiedzi
Twoja historia wyników
Nie rozwiązałeś tego quizu